000
00287nam a22001337a 4500
008
210511b ||||| |||| 00| 0 eng d
041
_a
eng
080
_a
038
082
_a
038
100
_a
23
101
_a
FJA
245
_a
The new Roget's Thesaurus
_c
Norman Lewis
942
_2
udc
_c
BK
999
_c
57154
_d
57154